<?xml version="1.0" encoding="UTF-8"?>
<collection xmlns="http://www.loc.gov/MARC21/slim">
 <record>
  <leader>01327nam a2200205 a 4500</leader>
  <controlfield tag="001">1/52595</controlfield>
  <controlfield tag="008">210619s2010    gr            000 | gre d</controlfield>
  <datafield tag="040" ind1=" " ind2=" ">
   <subfield code="a">GR-PeUP</subfield>
  </datafield>
  <datafield tag="082" ind1="0" ind2="0">
   <subfield code="a">378.025 ΤΕΚ</subfield>
  </datafield>
  <datafield tag="245" ind1="0" ind2="0">
   <subfield code="a">Τεκμήριον : </subfield>
   <subfield code="b">επιστημονική επετηρίδα του Τμήματος Αρχειονομίας Βιβλιοθηκονομίας / </subfield>
   <subfield code="c">Ιόνιο Πανεπιστήμιο. Τμήμα Αρχειονομίας-Βιβλιοθηκονομίας.</subfield>
  </datafield>
  <datafield tag="260" ind1=" " ind2=" ">
   <subfield code="a">Κέρκυρα :</subfield>
   <subfield code="b">Ιόνιο Πανεπιστήμιο. Τμήμα Αρχειονομίας και Βιβλιοθηκονομίας, </subfield>
   <subfield code="c">2010.</subfield>
  </datafield>
  <datafield tag="300" ind1=" " ind2=" ">
   <subfield code="a">227 σ. : </subfield>
   <subfield code="b">εικ. ; </subfield>
   <subfield code="c">24 εκ.</subfield>
  </datafield>
  <datafield tag="500" ind1=" " ind2=" ">
   <subfield code="a">Τευχ. 9 (2010). Ετήσιο.</subfield>
  </datafield>
  <datafield tag="500" ind1=" " ind2=" ">
   <subfield code="a">Κείμενο στην ελληνική, περιλήψεις στην αγγλική, στη γαλλική, στη γερμανική.</subfield>
  </datafield>
  <datafield tag="610" ind1="1" ind2="2">
   <subfield code="a">Ιόνιο Πανεπιστήμιο. Τμήμα Αρχειονομίας Βιβλιοθηκονομίας</subfield>
   <subfield code="x">Επετηρίδες.</subfield>
  </datafield>
  <datafield tag="650" ind1=" " ind2="0">
   <subfield code="a">Library science.</subfield>
  </datafield>
  <datafield tag="650" ind1=" " ind2="4">
   <subfield code="a">Βιβλιοθηκονομία.</subfield>
  </datafield>
  <datafield tag="710" ind1="2" ind2=" ">
   <subfield code="a">Ιόνιο Πανεπιστήμιο. Τμήμα Αρχειονομίας Βιβλιοθηκονομίας.</subfield>
  </datafield>
  <datafield tag="852" ind1=" " ind2=" ">
   <subfield code="a">INST</subfield>
   <subfield code="b">UNIPILB</subfield>
   <subfield code="c">MAIN</subfield>
   <subfield code="e">20210619</subfield>
   <subfield code="h">378.025 ΤΕΚ</subfield>
   <subfield code="p">00163429</subfield>
   <subfield code="q">00163429</subfield>
   <subfield code="t">LOAN</subfield>
   <subfield code="y">0</subfield>
   <subfield code="4">1</subfield>
  </datafield>
  <datafield tag="960" ind1=" " ind2=" ">
   <subfield code="a">ΑΛΜΠΑΝΗ ΤΑΝΙΑ</subfield>
  </datafield>
 </record>
</collection>
